|
|
|
|
| LEADER |
00000nab a2200000 ar4500 |
| 001 |
vtls008408731 |
| 003 |
SK-MaSNL |
| 005 |
20260319071312.0 |
| 008 |
051109c2005 xo |||||||b| |000 b|hun |
| 015 |
|
|
|a SNBRB2005/11
|2 snkbucl
|
| 038 |
|
|
|a SNKBUCL
|
| 040 |
|
|
|a DSZK
|b slo
|c DSZK
|e AACR2
|
| 041 |
0 |
|
|a slo
|
| 044 |
|
|
|a xo
|c SK
|
| 080 |
|
|
|a 82(091):821.511.141
|x "19"
|2 UDC-MRF-SK2
|
| 080 |
|
|
|a 82:929:821.511.141
|2 UDC-MRF-SK2
|
| 080 |
|
|
|a 929 Ady, Endre
|2 UDC-MRF-SK2
|
| 080 |
|
|
|a 821.511.141(091)
|x "19"
|2 UDC-MRF-SK2
|
| 100 |
1 |
|
|a Grendel, Lajos,
|d 1948-2018
|4 aut
|9 185584
|
| 245 |
1 |
0 |
|a Magyar líra és epika a 20. században
|b a Nyugat első nemzedékének lírája Ady Endre (1877-1919)
|c Grendel Lajos
|
| 504 |
|
|
|a Bibliogr. odkazy
|
| 600 |
1 |
7 |
|a Ady, Endre,
|d 1877-1919
|2 snkbucl
|9 219074
|
| 773 |
0 |
|
|t Irodalmi szemle
|g Évf. XLVIII, sz. 10 (2005), o. 7-16
|x 1336-5088
|
| 852 |
|
|
|a SNK
|b KIS3GCP
|
| 852 |
|
|
|a DSZK
|b KIS3GCP
|
| 958 |
|
|
|a HU
|
| 958 |
|
|
|a NB
|
| 958 |
|
|
|a LX
|
| 999 |
|
|
|c 1753946
|d 1755876
|